Oeuvres complétes /

I tiakina i:
Ngā taipitopito rārangi puna kōrero
Kaituhi matua: Artaud, Antonin (autor)
Hōputu: Pukapuka
Reo:Wīwī
I whakaputaina: Poitiers, Francia : Gallimard, 1970
Ngā marau:
Ngā Tūtohu: Tāpirihia he Tūtohu
Kāore He Tūtohu, Me noho koe te mea tuatahi ki te tūtohu i tēnei pūkete!

MARC

LEADER 00000nam^a2200000^a^4500
001 000002846
005 20250521000000.0
009 20260310083205.275
037 |a Acervo ITESO - Biblioteca 
041 |a FRA 
082 |a 844.  |b ART 
100 |a Artaud, Antonin  |e (autor) 
245 1 0 |a Oeuvres complétes /  |c A. Artaud. 
264 1 |a Poitiers, Francia :  |b Gallimard,  |c 1970 
300 |a 426 p. 
336 |a texto  |b txt  |2 rdacontenido 
337 |a sin mediación  |b n  |2 rdamedio 
338 |a volumen  |b nc  |2 rdasoporte 
649 |a XX 
650 |a Ensayos Franceses 
650 |a Teatro -  |x Historia y Crítica 
650 |a Literatura Francesa -  |y Siglo XX 
910 |a Fondo General 
920 |a Impresos - Libros 
930 |a Colección General 
940 |a Literatura 
905 |a 101 
901 |a 0028460100  |b IT1  |c LIT  |i 002846  |u 20250521 
902 |a https://opac.biblio.iteso.mx/vufind/Record/000002846